000 01034cam a2200205 4500
001 ABS66392
008 030121n2003 000 0 eng u
035 _a(Sirsi) u121088
100 _aFuller, K.
245 _aGoing to ground
260 _c2003
490 _aSurveyor
_v190(5712) 16 January 2003, 12-14(3)
520 _aExplains the problem of how groundwater can cause the same effects as seasonal flooding in areas which are not close to rivers and streams. Concentrates on the problems mainly faced in Hampshire and highlights some of the solutions used to mitigate them, including the introduction of a 'flood defence plan' for the area. Concludes that as groundwater flooding is certain to happen, partnership working between all the interested parties has addressed a number of immediate concerns, improved liaison and preparedness, and introduced measures to lessen its impact.
590 _aABS
650 _aFLOODING
650 _aGROUNDWATER
650 _aFLOOD DEFENCES
690 _aRural
_96268
942 _n0
999 _c71949
_d71949